000 00591cam a22002053a 4500
001 36335
003 PGUSA
005 20140828083803.0
008 110605s2011||||xxu|||||s|||||000 | eng d
040 _aPGUSA
_beng
042 _adc
100 1 _aAdams, Samuel Hopkins,
_d1871-1958
245 1 4 _aThe Secret of Lonesome Cove
_h[electronic resource] /
_cSamuel Hopkins Adams
260 _bProject Gutenberg,
_c2011
506 _aPublic domain in the USA.
516 _aElectronic text
830 0 _aProject Gutenberg
_v36335
856 4 0 _uhttp://www.gutenberg.org/ebooks/36335
942 _cEB
999 _c265590
_d265590